Normal view
MARC view
- Karen L. Greenberg / Hewey Winer
Entry Personal Name
001 - CONTROL NUMBER
- control field: 4631
003 - CONTROL NUMBER IDENTIFIER
- control field: OSt
005 - DATE AND TIME OF LATEST TRANSACTION
- control field: 20220905053156.0
008 - FIXED-LENGTH DATA ELEMENTS
- fixed length control field: 220905|| aca||aabn | a|a d
040 ## - CATALOGING SOURCE
- Original cataloging agency: OSt
- Transcribing agency: OSt
100 ## - HEADING--PERSONAL NAME
- Personal name: Karen L. Greenberg / Hewey Winer
670 ## - SOURCE DATA FOUND
- Source citation: Work cat.: (OSt)4101: Greenberg, Karen L. 4630, The Advancing Writer / Book - 1, c1994
